000 00717nam a22002417a 4500
999 _c170613
_d170613
005 20191218141448.0
010 _aB-12766
020 _c2.00
035 _aB-12766
037 _bBPPD/Pub.
082 _a840
100 _aنند کشور وکرم
245 _aعلمی اردو ادب /
_cنند کشور وکرم
246 _aAlami Urdu Adab (Urdu) /
_bby Nand Kishore Vikram
260 _aDelhi
_bNand Kishore Vikram
_c1998 ء
270 _bDelhi
_aJ-6, Krishan Nagar
_e110051
300 _a383p.
_c21cm(Hb)
650 _aادب -- اردو
650 _a ادبی تنقید
650 _aLiterature -- Urdu
650 _aLiterary criticism
942 _2ddc
_cUR
_h840
_mن ن د